Statistiques concernant Liste des personnages de She-ra 2018

Cliquez ici pour prendre le quiz!

Statistiques générales

  • Ce quiz a été pris 43 fois
  • Le résultat moyen est 11 sur 26

Statistiques - réponses

Réponse% Correct
adora
100%
catra
97%
flechdor
80%
scintilla
70%
scorpia
60%
entrapta
57%
faux-hordak
53%
hordak
53%
reine angella
53%
sirena
53%
tenebra
50%
glacia
47%
jasmine
47%
mara
37%
faucon des mers
33%
kyle
33%
netossa
27%
roi micah
27%
grand espoir
23%
lonnie
23%
madame razz
23%
fougor
20%
doublia
17%
chassetara
7%
sorciella
3%
tournella
3%

Distribution des résultats

Percentile par nombre de réponses

% des personnes avec chaque résultat

Votre développement - résultats

Vous n’avez pas pris ce quiz